| 000 | 01172nam0a22002891 4500 | ||
|---|---|---|---|
| 001 | rc\2298428 | ||
| 005 | 20260406235220.0 | ||
| 035 | _a(NLR Aleph) 006667190 | ||
| 090 |
_a4953877 _c4953877 |
||
| 100 | _a20110829d1977 |||y0rusy50 ca | ||
| 101 | 0 | _arus | |
| 102 | _aRU | ||
| 105 | _aa z ||||| | ||
| 200 | 1 |
_aВиленская Краснознаменная _eБоевой путь 144-й стрелковой Вилен. Краснознам., орденов Суворова, Кутузова, Александра Невского дивизии _fИ.Г. Драган |
|
| 210 |
_aМосква _cВоениздат _d1977 |
||
| 215 |
_a151 с. _cил. _d20 |
||
| 606 |
_aПехота в Великой Отечественной войне 1941-1945 гг. _2psbo |
||
| 700 | 1 |
_aДраган _bИ.Г. _gИлья Григорьевич |
|
| 712 | 0 | 2 |
_aВиленская стрелковая дивизия _c144 _3RU\NLR\AUTH\889988995 _9473554 |
| 801 | 0 |
_aRU _bNLR _gpsbo |
|
| 801 | 1 |
_aRU _bELAR _2rusmarc |
|
| 852 |
_aNLR _j77-3/8508 |
||
| 899 |
_aRuMoRGB _jБ 77-26/11 |
||
| 899 |
_aRuMoRGB _jБ 77-26/12 |
||
| 899 |
_aRuMoRGB _jВО 680/122 |
||
| 942 | _cBOOK | ||
| 980 | _aNB | ||